Suicide of the West; (Запис № 553867)

МАРК-запис
000 -LEADER
fixed length control field 01344cam a22003131 4500
001 - CONTROL NUMBER
control field suicideofwestess00burn
003 - CONTROL NUMBER IDENTIFIER
control field CaSfIA
005 - DATE AND TIME OF LATEST TRANSACTION
control field 20210119085359.0
007 - PHYSICAL DESCRIPTION FIXED FIELD--GENERAL INFORMATION
fixed length control field cr||||
008 - FIXED-LENGTH DATA ELEMENTS--GENERAL INFORMATION
fixed length control field 720719s1964 nyu 001 0 eng
035 ## - SYSTEM CONTROL NUMBER
-- (DLC) 64014211
010 ## - LIBRARY OF CONGRESS CONTROL NUMBER
LC control number 64014211
035 ## - SYSTEM CONTROL NUMBER
System control number (OCoLC)359839
040 ## - CATALOGING SOURCE
Original cataloging agency DLC
Transcribing agency OAU
Modifying agency OCoLC
-- DLC
-- CaSfIA
043 ## - GEOGRAPHIC AREA CODE
Geographic area code n-us---
050 00 - LIBRARY OF CONGRESS CALL NUMBER
Classification number JK271
Item number .B728
082 ## - DEWEY DECIMAL CLASSIFICATION NUMBER
Classification number 323.40973
100 1# - MAIN ENTRY--PERSONAL NAME
Personal name Burnham, James,
Dates associated with a name 1905-1987.
245 10 - TITLE STATEMENT
Title Suicide of the West;
Medium [electronic resource]
Remainder of title an essay on the meaning and destiny of liberalism.
260 ## - PUBLICATION, DISTRIBUTION, ETC. (IMPRINT)
Place of publication, distribution, etc New York,
Name of publisher, distributor, etc John Day Co.
Date of publication, distribution, etc [1964]
300 ## - PHYSICAL DESCRIPTION
Extent 312 p.
Dimensions 22 cm.
506 ## - RESTRICTIONS ON ACCESS NOTE
Standardized terminology for access restriction Необхідна авторизація на https://archive.org/ (створення облікового запису безкоштовно)
506 ## - RESTRICTIONS ON ACCESS NOTE
Standardized terminology for access restriction Необхідна авторизація на https://openlibrary.org/ (створення облікового запису безкоштовно)
650 #0 - SUBJECT ADDED ENTRY--TOPICAL TERM
Topical term or geographic name as entry element Liberalism
Geographic subdivision United States.
651 #0 - SUBJECT ADDED ENTRY--GEOGRAPHIC NAME
Geographic name United States
General subdivision Politics and government
Chronological subdivision 20th century.
856 41 - ELECTRONIC LOCATION AND ACCESS
Uniform Resource Identifier <a href="http://www.archive.org/details/suicideofwestess00burn">http://www.archive.org/details/suicideofwestess00burn</a>
Public note Free eBook from the Internet Archive
856 42 - ELECTRONIC LOCATION AND ACCESS
Uniform Resource Identifier <a href="http://www.openlibrary.org/books/OL5912348M">http://www.openlibrary.org/books/OL5912348M</a>
Public note Additional information and access via Open Library
942 ## - ADDED ENTRY ELEMENTS (KOHA)
Koha item type ЕКнига

Немає доступних примірників.